№ 62; Труды Всесоюзного научно-исследовательского алюминиево-магниевого института ВАМИ

書誌詳細
Parent link:Труды Всесоюзного научно-исследовательского алюминиево-магниевого института ВАМИ. № 62.— , 1937-
その他の著者: Гуськов В. М. (редактор)
言語:ロシア語
出版事項: 1968
主題:
フォーマット: 図書
KOHA link:https://koha.lib.tpu.ru/cgi-bin/koha/opac-detail.pl?biblionumber=355766

MARC

LEADER 00000nam2a2200000 4500
001 355766
005 20231102010828.0
035 |a (RuTPU)RU\TPU\retro\13026 
035 |a RU\TPU\retro\13017 
090 |a 355766 
100 |a 20200710d1968 k y0rusy50 ca 
101 0 |a rus 
102 |a RU 
105 |a a z 001zy 
200 0 |a № 62  |f под ред. В. М. Гуськова 
210 |d 1968 
215 |a 223 с.  |c ил. 
320 |a Библиогр. в конце ст. 
461 1 |0 (RuTPU)RU\TPU\retro\9781  |t Труды Всесоюзного научно-исследовательского алюминиево-магниевого института ВАМИ  |v № 62  |d 1937-  
606 1 |a Алюминиевые сплавы  |x Производство  |2 stltpush  |3 (RuTPU)RU\TPU\subj\21892  |9 46803 
610 1 |a Румыния 
610 1 |a состав 
610 1 |a технологические свойства 
610 1 |a нефелиновые шихты 
610 1 |a обеззоливание 
610 1 |a кокс 
610 1 |a антрациты 
610 1 |a плавка 
610 1 |a алюмокремнистые породы 
610 1 |a бокситы 
610 1 |a шахтные электропечи 
610 1 |a гранулирование 
610 1 |a примеси 
610 1 |a брикетирование 
610 1 |a титановые шлаки 
675 |a 669.715  |v 4 
702 1 |a Гуськов  |b В. М.  |4 340 
801 1 |a RU  |b 63413507  |c 20160708 
801 2 |a RU  |b 63413507  |c 20200710  |g RCR 
942 |c BK